| 000 | 00691nam a2200193Ia 4500 | ||
|---|---|---|---|
| 003 | GCL | ||
| 008 | 140319s9999 xx 000 0 ara d | ||
| 040 |
_aGCL / _cGCL |
||
| 082 | 0 | 4 |
_aد _b050 _bا م |
| 100 | 1 | _aاتحاد خريجى العلوم السياسية | |
| 245 | 1 | 0 |
_aمجلة العلوم السياسية / _cاتحاد خريجى العلوم السياسية |
| 260 |
_a[S.N] : _bاتحاد خريجى العلوم السياسية |
||
| 300 | _aمتعددة | ||
| 490 |
_aمعهد الدراسات الاسلامية, جامعة مجيل - كن _v0 |
||
| 650 | 0 | 4 | _aالسياسة |
| 650 | 0 | 4 | _aالعلوم السياسية |
| 650 | 0 | 4 | _aالعلوم |
| 942 |
_2ddc _cCF |
||
| 999 |
_c27012 _d27012 |
||